Movies Quiz

Random Movies or Actor Quiz

Missing Word: Paul Reubens Quiz Stats

 Plays Quiz not verified by Sporcle

Score 0/12 Timer 01:00
0 Plays Today
Movie Title Missing Word % Correct
Pee-wee's Big _____Adventure
93.6%
_____ the Vampire SlayerBuffy
93.6%
The Nightmare Before _____Christmas
93.6%
_____ DolittleDoctor
91.5%
The Blues _____Brothers
87.2%
Batman _____Returns
85.1%
Big _____ Pee-weeTop
78.7%
_____ of the NavigatorFlight
72.3%
Dunston _____ InChecks
61.7%
South of Heaven, _____ of HellWest
46.8%
Mystery _____Men
42.6%
Reno 911!: _____Miami
29.8%

You're not logged in!

Compare scores with friends on all Sporcle quizzes.
OR
Log In

Sporcle TV

Today on Sporcle TV


Watch our educational content, quiz creation guides, and fun videos on Sporcle TV.

Show Comments

Extras

Top Quizzes Today


Score Distribution

Your Account Isn't Verified!

In order to create a playlist on Sporcle, you need to verify the email address you used during registration. Go to your Sporcle Settings to finish the process.

Report this User

Report this user for behavior that violates our Community Guidelines.

Details: